| Tag |
First Indicator |
Second Indicator |
Subfields |
| LEADER |
00000cam a2200000 i 4500 |
| 001 |
in00000045755 |
| 005 |
20151007075243.0 |
| 008 |
780520s1967 nyua b 00010 eng |
| 010 |
|
|
|a 65027554
|
| 035 |
|
|
|a (OCoLC)03911902
|
| 035 |
|
|
|9 AAF2898AM
|
| 040 |
|
|
|a DLC
|c CLE
|d TXA
|d UtOrBLW
|
| 049 |
|
|
|a TXAM
|c 1 [470394]
|c 2 [429016]
|
| 050 |
|
0 |
|a QD553
|b .V413 1967
|
| 092 |
|
|
|a 541.37
|b V591e, 1967
|
| 100 |
1 |
|
|a Vetter, Klaus J.
|
| 245 |
1 |
0 |
|a Electrochemical kinetics : theoretical and experimental aspects /
|c [by] Klaus J. Vetter ; Revisions, additions, and a foreword to the English-language ed. prepared by the author ; Translated by Scripta Technica. Translation editors: Stanley Bruckenstein [and] Brian Howard.
|
| 264 |
|
1 |
|a New York :
|b Academic Press,
|c 1967.
|
| 300 |
|
|
|a xv, 789, 18 pages :
|b illustrations ;
|c 24 cm.
|
| 336 |
|
|
|a text
|b txt
|2 rdacontent
|
| 337 |
|
|
|a unmediated
|b n
|2 rdamedia
|
| 338 |
|
|
|a volume
|b nc
|2 rdacarrier
|
| 500 |
|
|
|a Revised version of the German edition which was published in 1961 under title: Electrochemische Kinetik.
|
| 504 |
|
|
|a Bibliographical footnotes.
|
| 650 |
|
0 |
|a Electrochemistry.
|
| 999 |
|
|
|a MARS
|
| 999 |
f |
f |
|s 4330bdde-4468-36d6-b23f-9dc796afb1b5
|i 4bafaf76-3f43-362b-b69a-dc85a5e46570
|t 0
|
| 952 |
f |
f |
|p normal
|a Texas A&M University
|b College Station
|c Sterling C. Evans Library
|s Evans stk
|d Evans: Library Stacks
|t 0
|e QD553 .V413 1967
|h Library of Congress classification
|i unmediated -- volume
|m A14800937385
|
| 998 |
f |
f |
|a QD553 .V413 1967
|t 0
|l Evans: Library Stacks
|